PWI Top 500 Wrestlers 2024 - Statistics

General Stats
  • This quiz has been taken 60 times
  • The average score is 104 of 499
Answer Stats
# Wrestler % Correct
1 Cody Rhodes
90%
4 Seth Rollins
90%
487 Slim J
90%
277 Strong Machine J
90%
17 Jey Uso
88%
347 Kenny K
88%
268 Sammy D
88%
393 Dustin Rhodes
85%
8 Jon Moxley
85%
13 Drew McIntyre
83%
9 Gunther
83%
42 Adam Page
80%
45 Rey Mysterio
80%
12 Sami Zayn
80%
90 Chris Jericho
78%
6 Damian Priest
78%
69 Dominick Mysterio
78%
75 Ethan Page
78%
68 Finn Balor
78%
58 Kevin Owens
78%
27 LA Knight
75%
119 Rickey Stane Page
75%
2 Swerve Strickland
75%
124 Adam Priest
73%
368 Lexis King
73%
7 MJF
73%
52 Bron Breakker
70%
29 Christian Cage
70%
282 Kofi Kingston
70%
55 Randy Orton
70%
172 Sheamus
70%
299 Xavier Woods
70%
26 Adam Copeland
68%
197 Bobby Lashley
68%
243 Brian Cage
68%
301 Dezmond Cole
68%
20 Eddie Kingston
68%
94 Jacob Fatu
68%
21 Kazuchika Okada
68%
274 Kevin Knight
68%
498 Santana Jackson
68%
208 Wes Lee
68%
56 AJ Styles
65%
144 Bronson Reed
65%
14 Bryan Danielson
65%
219 Dragon Lee
65%
78 Jake Lee
65%
464 Logan Knight
65%
338 Myung-Jae Lee
65%
66 Solo Sikoa
65%
499 Travis Lee
65%
339 Zilla Fatu
65%
196 Andrade
63%
89 Chad Gable
63%
412 Journey Fatu
63%
141 Myron Reed
63%
11 Samoa Joe
63%
109 Shinsuke Nakamura
63%
28 Trick Williams
63%
3 Will Ospreay
63%
48 Carmelo Hayes
60%
43 Josh Alexander
60%
22 Nic Nemeth
60%
135 Rey Fenix
60%
229 Tama Tonga
60%
281 The Miz
60%
170 Titus Alexander
60%
453 Baron Corbin
58%
59 Jack Perry
58%
63 Ricochet
58%
80 Roderick Strong
58%
389 Travis Williams
58%
257 Austin Theory
55%
57 Claudio Castagnoli
55%
18 El Hijo Del Vikingo
55%
15 Moose
55%
53 Oba Femi
55%
86 Wheeler Yuta
55%
81 Hiroshi Tanahashi
53%
51 Joe Hendry
53%
37 Logan Paul
53%
77 Matt Cardona
53%
10 Mistico
53%
195 Pete Dunne
53%
318 Shelton Benjamin
53%
97 Darby Allin
50%
110 Jay White
50%
239 Kyle O´Reilly
50%
112 PAC
50%
236 Pentagon Jr.
50%
33 Zack Sabre Jr
50%
261 Grayson Waller
48%
259 Johnny Gargano
48%
312 Karrion Kross
48%
146 Mike Santana
48%
24 Orange Cassidy
48%
352 Ricky Starks
48%
177 Star Jr.
48%
265 Tommaso Ciampa
48%
23 Alex Shelley
45%
222 Charli Evans
45%
227 Eric Young
45%
95 Je´Von Evans
45%
67 Konosuke Takeshita
45%
113 Laurance Roman
45%
426 MV Young
45%
5 Tetsuya Naito
45%
439 Brian Johnson
43%
70 Chris Sabin
43%
254 EVIL
43%
30 Ilja Dragunov
43%
65 Kyle Fletcher
43%
153 Lee Johnson
43%
264 Lio Rush
43%
216 Ludwig Kaiser
43%
31 Mark Briscoe
43%
96 Matt Riddle
43%
19 Mustafa Ali
43%
186 Powerhouse Hobbs
43%
160 Rush
43%
72 Santos Escobar
43%
87 Daniel Garcia
40%
275 Lance Archer
40%
129 Laredo Kid
40%
131 Minoru Suzuki
40%
178 Tomohiro Ishii
40%
441 Tristan Archer
40%
114 Ace Austin
38%
40 EC3
38%
130 Frankie Kazarian
38%
83 Hook
38%
155 KENTA
38%
422 Robbie X
38%
212 Tyler Bate
38%
64 Blake Christian
35%
194 Gabe Kidd
35%
472 Johnny TV
35%
233 Omos
35%
16 Sanada
35%
202 Tony D´Angelo
35%
497 Anakin Murphy
33%
256 Eddie Edwards
33%
435 Fuego Del Sol
33%
180 Leon Slater
33%
34 Mike Bailey
33%
190 Nick Wayne
33%
418 O´Shay Edwards
33%
46 Hiromu Takahashi
30%
341 Jack Morris
30%
134 Noam Dar
30%
103 SHO
30%
246 Wardlow
30%
283 Zachary Wentz
30%
25 Alex Kane
28%
424 Ivar
28%
121 Jeff Cobb
28%
317 Killswitch
28%
116 Bryan Keith
25%
285 Callihan
25%
167 Charlies Dempsey
25%
181 Dijak
25%
276 Jonathan Gresham
25%
221 Katsyori Shitbata
25%
85 Shingo Takagi
25%
218 Ultimo Guerrero
25%
386 El Hijo De Pirata Morgan
23%
192 Kevin Ku
23%
198 PCO
23%
440 Quiet Storm
23%
262 Rich Swann
23%
62 Rocky Romero
23%
174 Shane Taylor
23%
204 Trey Miguel
23%
145 Aigle Blanc
20%
395 Barrett Brown
20%
353 Dralistico
20%
50 El Hijo Del Dr. Wagner Jr.
20%
329 Galeno Del Mal
20%
108 Hechicero
20%
187 John Wayne Murdoch
20%
237 Psycho Clown
20%
416 Shawn Spears
20%
298 Trent Seven
20%
154 Alexander Hammerstone
18%
171 Dalton Castle
18%
152 Darius Carter
18%
358 Eddy Thorpe
18%
189 El Phantasmo
18%
287 HIKULEO
18%
76 Octagon Jr.
18%
307 Rhyno
18%
191 Stephen Wolf
18%
101 Steve Maclin
18%
224 The Beast Mortos
18%
290 TJP
18%
483 Aiden Prince
15%
126 AJ Francis
15%
138 AKIRA
15%
384 Alex Colon
15%
203 Danhausen
15%
272 Great O-Khan
15%
117 Lee Moriarty
15%
44 Satoshi Kojima
15%
98 Shota Umino
15%
331 Trent Baretta
15%
234 YOH
15%
444 Ashton Starr
13%
49 David Finley
13%
344 Dirty Dango
13%
446 Gary Jay
13%
82 Go Shiozaki
13%
147 Jake Something
13%
165 Joey Janela
13%
270 Jordan Blade
13%
35 Kenoh
13%
250 KUSHIDA
13%
118 Masha Slamovich
13%
54 Max The Impaler
13%
346 Ninja Mack
13%
363 Psycho Mike
13%
450 Renzo Rose
13%
308 Storm Grayson
13%
235 Stu Grayson
13%
267 Taiji Ishimori
13%
479 Tony Nese
13%
225 Willie Mack
13%
447 Aaron Solo
10%
161 Adam Brooks
10%
163 Alan Angels
10%
61 Atlantis Jr.
10%
120 Ben-K
10%
457 Charles Mason
10%
348 Chris Adonis
10%
122 Effy
10%
381 Evil Uno
10%
467 Flash Morgan Webster
10%
247 Hologram
10%
47 Kaito Kiyomiya
10%
102 Kento Miyahara
10%
79 Mance Warner
10%
36 Mascara Dorada 2.0
10%
38 Michael Oku
10%
321 Sam Adonis
10%
107 Shun Skywalker
10%
391 Silas Mason
10%
213 Timothy Thatcher
10%
115 1 Called Manders
8%
292 Axel Tischer
8%
443 Bam Sullivan
8%
105 Colby Corino
8%
474 Dragon Dia
8%
306 Duke Hudson
8%
367 Fuminori Abe
8%
220 Henare
8%
327 Jack Cartwheel
8%
99 Jessica Troy
8%
217 Joseph Fenech Jr.
8%
156 Jun Saito
8%
32 Katsuhiko Nakajima
8%
280 komander
8%
123 Luke Jacobs
8%
225 Rei Saito
8%
182 Ren Narita
8%
372 Sonny Kiss
8%
127 Titan
8%
207 Volador Jr.
8%
373 Callum Newman
5%
128 Calvin Tankman
5%
104 Daga
5%
377 Dante Chen
5%
242 Drilla Moloney
5%
266 Eddie Dennis
5%
300 Jack Vaughn
5%
423 Jaden Newman
5%
133 Jordan Oliver
5%
398 Judas Icarus
5%
354 Kerry Morton
5%
324 Lance Anoa´i
5%
263 Masato Tanaka
5%
396 Microman
5%
294 Mike D Vecchio
5%
210 Naruki Doi
5%
206 Q.T. Marshall
5%
434 Rhio
5%
169 Robbie Eagles
5%
241 Suwama
5%
211 Thom Latimer
5%
91 YAMATO
5%
71 Yota Tsuji
5%
92 Alec Price
3%
188 Angel De Oro
3%
451 Austin Luke
3%
150 Billie Starkz
3%
355 Cha Cha Charlie
3%
316 Channing Thomas
3%
408 Cheeseburger
3%
93 Chris Brookes
3%
369 Clark Conners
3%
205 Davey Vega
3%
157 DELTA
3%
366 Dominic Garrini
3%
176 DOUKI
3%
253 El Barbero Cavernario
3%
334 El Texano Jr.
3%
330 Esfinge
3%
313 Flip Gordon
3%
436 Frontman Jah
3%
100 HAYATA
3%
305 Hikaru Sato
3%
125 Hirooki Goto
3%
411 Hyan
3%
185 Jake Crist
3%
132 Jake Parnell
3%
319 Jimmy Lloyd
3%
269 Junior Benito
3%
442 Kaun
3%
151 Kevin Blackwood
3%
111 Kid Lykos
3%
39 Krule
3%
74 Luis Mante
3%
414 Madman Fulton
3%
456 Maki Itoh
3%
226 Man Like DeReiss
3%
88 MAO
3%
139 Megan Bayne
3%
500 Memes
3%
448 Mikey Montgomery
3%
304 Neon
3%
357 Oleg Boltin
3%
328 Paris De Silva
3%
288 Porto De Oro
3%
362 Pretty Boy Smooth
3%
401 Ray Gonzalez
3%
215 Richard Holliday
3%
382 Rico Gonzalez
3%
106 Rina Yamashita
3%
162 Rising HAYATO
3%
458 Robert Anthony
3%
360 Shane Mercer
3%
463 Steve Pena
3%
73 Suge D.
3%
295 Tom Lawlor
3%
459 Ulka Sasaki
3%
437 Valiente
3%
84 Yuki Ueno
3%
41 Yuma Anzai
3%
137 Yuma Aoyagi
3%
143 Yuya Uemura
3%
432 Aaron Rourke
0%
486 Alexia Nicole
0%
297 Aliss Ink
0%
245 Allie Katch
0%
405 Alpha Zo
0%
470 Amira Lukens
0%
244 Andino
0%
387 Anhelico
0%
484 Anton Voorhees
0%
349 Arez
0%
284 Bad Dude Tito
0%
342 Ben Braxton
0%
179 Benhamin Tull
0%
402 Big Fudge
0%
428 Billy Dixon
0%
375 Bobby Beverly
0%
258 Brandon Kirk
0%
356 Caveman Ugg
0%
394 Chris Basso
0%
148 Chris Bet
0%
392 Clint Margera
0%
315 Cody Chhun
0%
278 Cole Radrick
0%
273 Conner Mills
0%
471 Dani Luna
0%
420 Danny Demanto
0%
286 Danny Limelight
0%
228 Dan Tamura
0%
251 Darian Bengston
0%
371 Derek Sillinger
0%
359 Devon Monroe
0%
461 Dimitri Alexandrov
0%
249 DMT Azul
0%
260 Eel O´Neal
0%
455 Eli Everfly
0%
238 El Lindaman
0%
475 Emersyn Jayne
0%
333 Emman Azman
0%
481 Epydemius Jr.
0%
322 Euforia
0%
332 Evan Rivers
0%
427 Exodus Prime
0%
429 Facade
0%
326 Francesco Akira
0%
271 Gnarls Garvin
0%
421 Goldy
0%
430 GPA
0%
468 Griffin McCoy
0%
460 Grimm
0%
193 Gringo Loco
0%
293 Guerrero Maya Jr.
0%
445 Hartenbower
0%
230 Hayato Tamura
0%
164 Hoodfoot
0%
168 Hyo
0%
231 Ichiban
0%
302 Intelecto Cinco Estrellas
0%
303 Isaiah Broner
0%
492 Isaiah Wold
0%
240 ISHIN
0%
209 Jake Jester
0%
385 Jameson Shook
0%
291 Jason Hotch
0%
378 J-BOUJII
0%
343 Jiah Jewell
0%
340 Jimmy Townsend
0%
431 Jody Threat
0%
166 Joe Alonzo
0%
482 Joey Avalon
0%
345 John Hawking
0%
248 Jordan Cruz
0%
476 Jordon Breaks
0%
365 Joshua Bishop
0%
223 K.C. Navarro
0%
449 Killian McMurphy
0%
489 Kody Manhorn
0%
314 Kota Sekifuda
0%
494 Kristara
0%
466 Kristian Ross
0%
380 Landon Hale
0%
454 Laynie Luck
0%
279 Levaneil
0%
465 LSG
0%
491 Lucas DiSangro
0%
419 Luke Kurtis
0%
350 Mad Dog Connelly
0%
184 Madoka Kikuta
0%
310 Malcolm Monroe III
0%
374 Manaba Soya
0%
364 Manoy Ferno
0%
140 Marcus Mathers
0%
149 Marko Estrada
0%
370 Masa Kitamiya
0%
397 Matthew Justice
0%
252 Matt Makowshi
0%
201 Matt Tremont
0%
485 Mike Skyros
0%
320 Mims
0%
488 Myles Millennium
0%
361 Mylo
0%
409 Neil Diamond Cutter
0%
490 Noah Veil
0%
289 Pegano
0%
438 Peter Olisander
0%
199 Peter Tihanyl
0%
351 Raj Dhesi
0%
136 Rickey Knight Jr.
0%
255 Ricky South
0%
478 Rip Byson
0%
417 Robb Radke
0%
158 Robert Dreissker
0%
493 Rohan Raja
0%
473 Rohit Raji
0%
183 Royce Isaacs
0%
390 Ryan Clancy
0%
403 Sam Holloway
0%
433 Sandra Moone
0%
400 Sawyer Wreck
0%
296 Seigo Tachibana
0%
200 Shigehiro Irie
0%
311 Shuji Ishikawa
0%
406 Sidney Akeem
0%
477 Sierra
0%
232 Slex
0%
309 Slice Boogie
0%
496 Smiley
0%
469 Solomon Tupi
0%
335 Sonico
0%
175 Spike Trivet
0%
173 Starboy Charlies
0%
336 TARIK
0%
214 Tate Mayfairs
0%
142 Templario
0%
325 The Dark Sheik
0%
323 The Tuckman
0%
495 Tjay Sykes
0%
452 Tony Deppen
0%
404 Travis Toxic
0%
415 Tre Lamar
0%
480 Vaughn Verigo
0%
376 Vinnie Massaro
0%
410 Vinny Pacifico
0%
462 Vipress
0%
379 Vito Fratelli
0%
337 Will Allday
0%
413 Will Kiedis
0%
388 Xavant
0%
399 YOICHI
0%
159 Yuya Aoki
0%
407 Zak Patterson
0%
383 Zoe Sager
0%
No matching quizzes found
Score Distribution
Percent of People with Each Score
Percentile by Number Answered
Your Score History
You have not taken this quiz